Normal view
MARC view
Entry Corporate Name
001 - CONTROL NUMBER
- control field: 100755
003 - CONTROL NUMBER IDENTIFIER
- control field: NUST
005 - DATE AND TIME OF LATEST TRANSACTION
- control field: 20221019110327.0
008 - FIXED-LENGTH DATA ELEMENTS
- fixed length control field: 221019|| aca||aabn | a|a d
040 ## - CATALOGING SOURCE
- Original cataloging agency: NUST
- Transcribing agency: NUST
110 ## - HEADING--CORPORATE NAME
- Location of meeting: Project Supervisor: Dr Muhammad Rehan Khan
670 ## - SOURCE DATA FOUND
- Source citation: Work cat.: (NUST): Muhammad Zain Muhammad Atif Shahzad Zeeshan Haider 100754, PR-SOF-2175-Experimental Investigation of Erosive Wear of Steel For Liquid-Solid Flow, 2022.
